Normal view
MARC view
Entry Nombre personal
001 - NÚMERO DE CONTROL
- campo de control: 46489
003 - IDENTIFICADOR DEL NÚMERO DE CONTROL
- campo de control: OSt
005 - FECHA Y HORA DE LA ÚLTIMA TRANSACCIÓN
- campo de control: 20231227101616.0
008 - DATOS DE LONGITUD FIJA
- campo de control de longitud fija: 200615|| aca||aabn | a|a d
040 ## - FUENTE DE LA CATALOGACIÓN
- Centro catalogador/agencia de origen: OSt
- Centro/agencia transcriptor: OSt
100 1# - ENCABEZAMIENTO-NOMBRE DE PERSONA
- Nombre de persona: Gumán Ariza, Fabio J.
- Fechas asociadas al nombre: 1949-
- Forma completa/desarrollada del nombre: (Fabio José Guzmán Ariza),
370 ## - LUGAR ASOCIADO
- Lugar de nacimiento: República Dominicana
374 ## - OCUPACIÓN
- Ocupación: Abogado
- Ocupación: Escritor
- Ocupación: Editor
375 ## - GÉNERO/SEXO
- Género/Sexo: Masculino
377 ## - LENGUA/LENGUAJE ASOCIADO
- Código del idioma: spa
400 1# - TRAZADO DE VÉASE--NOMBRE DE PERSONA
- Nombre de persona: Ariza, Fabio José Guzmán,
- Fechas asociadas al nombre: 1949-
400 1# - TRAZADO DE VÉASE--NOMBRE DE PERSONA
- Nombre de persona: Guzmán Ariza, Fabio José,
- Fechas asociadas al nombre: 1949-
670 ## - FUENTE DE DATOS ENCONTRADOS
- Cita de la fuente: Work cat.: (OSt)22088: República Dominicana 447, Ley 108-05 de registro inmoviliario : /, 2009.
670 ## - FUENTE DE DATOS ENCONTRADOS
- Cita de la fuente: Procedimiento en defecto en materia civil y comercial después de las reformas de la Ley 845 de 1978, 1980.
